Les villes du Liban (Version facile) - Statistiques

Statistiques générales
  • Ce quiz a été pris 150 fois
  • Le résultat moyen est 6 sur 10
Statistiques - réponses
Indice Réponse % Correct
Capitale du Liban, surnommée "Le Paris du Moyen-Orient" Beyrouth
99%
Deuxième plus grande ville, au nord du pays, se situe à proximité des iles des Palmiers ou des Lapins Tripoli
86%
Ville à majorité chiite de la Békaa, comporte des vestiges de certains des plus grands temples romain du monde. Son nom antique est Héliopolis. Baalbek
68%
Une des plus anciennes villes du monde, son nom grec à donné son nom à la Bible Byblos
66%
Troisième plus grande ville du pays, connue pour son musée du savon et ses "Khan" Saida
59%
Station balnéaire trés prisée du Nord du Pays, réputé pour ses Limonades Batroun
58%
Ville côtière majoritairement chrétienne, connue pour son Téléférique qui mène au sanctuaire Notre-Dame du Liban, son Casino et son Golfe éponyme Jounieh
54%
Plus grande ville catholique du Moyen-Orient, situé dans la Vallée de la Békaa et traversé par le Berdawni Zahlé
47%
En banlieue de la capitale, siège du palais présidentiel et capitale du caza/district éponyme Baabda
34%
Ville à majorité chiite du Sud du Liban, capitale d'un gouvernorat éponyme Nabatieh
31%
Aucun quiz correspondant
Distribution des résultats
% des personnes avec chaque résultat
Percentile par nombre de réponses
Votre historique - résultats
Vous n’avez pas pris ce quiz